Financial Management: Principles and Practice (Record no. 618)
[ view plain ]
| 000 -LEADER | |
|---|---|
| Fixed length control field | 00470nam a2200169 4500 |
| 003 - CONTROL NUMBER IDENTIFIER | |
| Control field | SEACOMMC |
| 005 - DATE AND TIME OF LATEST TRANSACTION | |
| Control field | 20241001151735.0 |
| 008 - FIXED-LENGTH DATA ELEMENTS--GENERAL INFORMATION | |
| Fixed length control field | 241001b |||||||| |||| 00| 0 eng d |
| 020 ## - INTERNATIONAL STANDARD BOOK NUMBER / ISBN | |
| International Standard Book Number | 978-81-7446-586-3. |
| Price | Rs.295.00 |
| 040 ## - CATALOGING SOURCE | |
| Original cataloging agency | SEACOMMC |
| 082 ## - DEWEY DECIMAL CLASSIFICATION NUMBER | |
| Classification number | 657 |
| Book Number | B 576 |
| 100 ## - MAIN ENTRY--PERSONAL NAME | |
| Personal name | Bhat, Sudhindra |
| 245 1# - TITLE STATEMENT | |
| Title | Financial Management: Principles and Practice |
| Statement of responsibility | Sudhindra Bhat |
| 260 ## - IMPRINT | |
| Place of publication | New Delhi |
| Name of publisher | Excel Books |
| Date of publication | c 2007 |
| 650 ## - SUBJECT ADDED ENTRY--TOPICAL TERM | |
| Topical term | Financial Management |
| 942 ## - ADDED ENTRY ELEMENTS (KOHA) | |
| Koha item type | Books |
| Withdrawn status | Lost status | Source of classification | Damaged status | Not for loan | Home library | Current library | Date acquired | Total Checkouts | Call number | Accession number | Date last seen | Price effective from | Koha item type |
|---|---|---|---|---|---|---|---|---|---|---|---|---|---|
| Dewey Decimal Classification | SEACOM MANAGEMENT COLLEGE | SEACOM MANAGEMENT COLLEGE | 04/10/2007 | 657 B 576 | M-386 | 01/10/2024 | 01/10/2024 | Books |
